Statistics for Arsenal - Most Expensive Transfers

Click here to take the quiz!

General Stats

  • This quiz has been taken 27 times
  • The average score is 7 of 10

Answer Stats

HintAnswer% Correct
116,60€Rice
91%
75€Havertz
83%
80€Pepe
83%
63,75€Aubameyang
70%
52,2€Jesus
70%
47€Ozil
70%
53€Lacazette
65%
50€Partey
65%
58,5€White
65%
45€Xhaka
48%

Score Distribution

Percentile by Number Answered

Percent of People with Each Score

Your Score History

You have not taken this quiz